MARC
| LEADER | 00000cam a2200000 a 4500 | ||
|---|---|---|---|
| 001 | 035690 | ||
| 003 | UAHC_CL | ||
| 005 | 20170803123910.0 | ||
| 008 | 141226b xx j 000 1 eng | ||
| 040 | |a UAHC_CL |c UAHC_CL |d UAHC_CL | ||
| 245 | 1 | 3 | |a La ciudad de las palabras / |c Alberto Manguel. |
| 900 | |a NTI | ||
| 942 | |c BK | ||
| 952 | |0 0 |1 0 |4 0 |6 NTI |7 0 |8 General |9 67889 |a BC |b BC |c General |d 2017-08-03 |l 0 |m 3 |o NTI |p 1421548 |q 2018-01-11 |r 2017-08-03 00:00:00 |t 1 |w 2017-08-03 |y BK | ||
| 999 | |c 35690 |d 35690 | ||